Intermediate public economics

Saved in:
Bibliographic Details
Main Author: Hindriks, Jean
Other Authors: Myles, Gareth D.
Format: Book
Language:English
Published: Cambridge <The> MIT Press 2013
Edition:2nd ed.
Subjects:
Tags: Add Tag
No Tags, Be the first to tag this record!

MARC

LEADER 00000nam a2200000 4500
001 0178758
005 20240312115744.0
020 |a 978-0-262-01869-2 
041 0 |a eng 
044 |a GB 
245 1 0 |a Intermediate public economics  |c Jean Hindriks and Gareth D. Myles 
250 |a 2nd ed. 
264 1 |a Cambridge  |b <The> MIT Press  |c 2013 
300 |a 980 s. 
610 2 0 |a politika hospodárska 
610 2 0 |a ekonómia blahobytu 
610 2 0 |a efektívnosť ekonomická 
610 2 0 |a správanie hospodárske 
610 2 0 |a sektor verejný 
610 2 0 |a modelovanie ekonometrické 
100 1 |a Hindriks, Jean 
700 1 |a Myles, Gareth D.